Представление документа в формате RUSMARC

ПолеНазваниеЗначение
  Тип записи a
  Библиографический уровень a
001 Контрольный номер RU/IS/BASE/409138486
005 Дата корректировки 20240209175126.0
100 Данные общей обработки __
a Данные общей обработки 20121218d2012 ||| 0rusy0189 ca
101 Язык документа __
a Язык текста rus
102 Страна публикации __
a Страна публикации RU
105 Кодированные данные (монография) __
a Кодированные данные (монография) y###||||000|y
200 Заглавие и сведения об ответственности 1_
a Заглавие Таинственный часовой : рождественская быль
b Общее обозначение материала Текст
f Первые сведения об ответственности П. Краснов
210 Выходные данные __
d Дата издания 2012
300 Общие примечания __
a Общие примечания Ограничения по возрасту - 6+
461 Уровень набора _0
1 2000
a Детская роман-газета
463 Уровень физической единицы _0
1 001RU/IS/BASE/409138342
1 2000
a №12
v С. 9-16
1 210
d 2012
606 Тематические рубрики __
a Основная рубрика Российская детская литература, 20 в.
610 Ключевые слова __
a Ключевые слова российская литература
610 Ключевые слова 0_
a Ключевые слова детская проза
610 Ключевые слова 0_
a Ключевые слова рождественские рассказы
686 Индексы других классификаций __
a Классификационный индекс 84(2Рос=Рус)6
2 Код системы ББК
700 Автор _1
a Фамилия Краснов
b Имя (инициалы) П.
801 Источник записи _0
a Страна RU
b Организация МБУК ЦБС г. Ульяновска
c Дата составления 20121218
g Правила каталогизации RCR
801 Источник записи _1
a Страна RU
b Организация IS
c Дата составления 20121218
g Правила каталогизации RCR
901 Тип документа __
t Тип документа b
w Контрольный № источника RU/IS/BASE/409138342
910 Корректоры записи __
a Корректор записи Сидоркина
938 Служебная информация __
a Имя БД period